| 000 | 02523nam a22003257a 4500 | ||
|---|---|---|---|
| 008 | 081105t xxu||||| |||| 00| 0 eng d | ||
| 010 | _aB-340675-682 | ||
| 020 |
_a8126024399 _c40.00 |
||
| 020 |
_a9798126024390 _c40.00 |
||
| 035 | _aB-340675-682 | ||
| 037 | _bNorth India Publishers & Distributors | ||
| 040 |
_adpl _bEnglish |
||
| 082 | _a871.092 | ||
| 100 | _aPrema Nandakumar | ||
| 245 |
_aKumudini / _cby Prema Nandakumar |
||
| 260 |
_aNew Delhi _bSahitya Akademi _c2008 |
||
| 270 |
_aRabindra Bhawan, 35 Ferozeshah Road, _bNew Delhi _e110001 |
||
| 300 |
_aviii,136 p. _c21cm. (pbk) |
||
| 490 | _aMakers of Indian literature | ||
| 942 |
_2ddc _cEN _mPRE _h871.092 |
||
| 999 |
_c24374 _d24374 |
||